| 000 | 00712cab a2200205 4500 | ||
|---|---|---|---|
| 001 | ABS41281 | ||
| 008 | 090401t1989 xxu||||| |||| 00| 0 eng d | ||
| 035 | _a(Sirsi) u29339 | ||
| 041 | _aeng | ||
| 100 | _aBeer, A. | ||
| 245 | _aUse classes orders: a plea for flexibility in leases | ||
| 260 | _c1989 | ||
| 350 | _a0 | ||
| 490 |
_aRent Review & Lease Renewal _v9(4) Summer 1989, 345-350(6) |
||
| 520 | _aAdvocates more flexible lease s for buildings adaptable to A2 , B1 and B2 uses to match the relaxation of planning control in the Use Classes Order 1987 and the General Development Order 1988 . | ||
| 650 | _aUSE CLASSES | ||
| 690 | _aPLANNING LAW AND PRACTICE | ||
| 942 | _n0 | ||
| 948 | _c04/03/1997 | ||
| 999 |
_c19766 _d19766 |
||